| 000 | 00614nam a22001577a 4500 | ||
|---|---|---|---|
| 999 |
_c61143 _d61143 |
||
| 005 | 20231222161040.0 | ||
| 008 | 231222s1949 ru ||||| |||| 00| 0 rus d | ||
| 041 | _arus | ||
| 080 | _a902/904 Ч-15 | ||
| 100 |
_a Чайлд, Гордон _920859 |
||
| 245 |
_aПрогресс и археология / _cГордон Чайлд. |
||
| 264 |
_aМосква : _bГосударственное издательство иностранной литературы, _c1949. |
||
| 300 |
_a194 с.; _b17 см. |
||
| 653 | _aპროგრესი და არქეოლოგია | ||
| 942 |
_2udc _cᲬᲘᲒᲜᲘ |
||